000 00871nam a2200217 a 4500
001 55763
003 BD-RjUL
005 20211209080318.0
008 161121s1967 ii ||||| |||| 00| 0 ben d
035 _a(BD-RjUL)55887
040 _aBD-RjUL
_bben
_cBD-RjUL
_dBD-RjUL
041 _aben
082 _223
_a891.4409
_bSES 1967
100 _aসেন, রণজিৎকুমার
_9166064
245 1 0 _aসমাজ.সাহিত্য.সংস্কৃতি /
_cরণজিৎকুমার সেন
260 _aকলিকাতা :
_bমোহন লাইব্রেরী,
_c১৯৬৭ (১৩৭৪).
300 _a২৪৮ পৃ. ;
_c২১ সেমি.
650 _aবাংলা সাহিত্য
_vইতিহাস ও সমালোচনা
_9117445
650 _aBengali Literature
_vHistory and Criticism
_9166065
942 _2ddc
_cBK
999 _c55763
_d55763